000 01557nam a22003497a 4500
001 000023203
003 DO-SdBNP
005 20180307105526.0
007 000023203
008 160506b 20uu dr a xxu||||| |||| 00| 0 spa d
020 _a9945400215
040 _aBPMSU
_bspa
_cBPMSU
092 _a373.54
_bR579q 2do. [20--]
100 1 _aRincón, Andrea Griselda
245 1 0 _aQuímica 2 :
_b teoría y práctica /
_cAndrea Griselda Rincón, Julia Mery Vásquez Güichardo ; ilustraciones Ramón Sandoval.
260 _aSanto Domingo :
_bActualidad Escolar 2000,
_c[200-?].
300 _a157 p. :
_bil. ;
_c28 cm.
500 _aPrimer ciclo educación media
504 _aBibliografía : p. 157
505 0 _gUnidad 1
_tEl hidrógeno --
_gUnidad 2
_tEl oxígeno --
_gUnidad 3
_tEl agua: sustancia vital --
_gUnidad 4
_tElementos del bloque S --
_gUnidad 5
_tElementos del bloque P --
_gUnidad 6
_tElementos del bloque D: metales de transición --
_gUnidad 7
_tElementos del bloque F. Metales de transición interna: Lantánidos y Actínidos --
650 _aQUÍMICA
_xENSEÑANZA SECUNDARIA
650 4 _aQUÍMICA
_xLIBROS DE TEXTOS
650 4 _aQUÍMICA
_xESTUDIOS Y EJERCICIOS
650 4 _aQUÍMICA
_xEDUCACIÓN SECUNDARIA
650 4 _aEDUCACIÓN SECUNDARIA
_zREPÚBLICA DOMINICANA
700 1 2 _aVásquez Güichardo, Julia Mery
700 1 2 _aSandoval, Ramón,
_eil.
910 _aValidado. Control de calidad MFF
942 _2ddc
_cBK
945 _aRemanejado para la BNPHU / 2018 VM
956 _2LOPEREZ
_310
_620160506
_8BPMSU
_a00041
999 _c10019
_d10019